000 01171nam a2200265Ia 4500
999 _c53815
_d53815
001 20866
003 GE_BSU
005 20210525172836.0
008 181216s ||||ge |||||||||||||| ||geo||
020 _a9789941075544
040 _cGE_BSU
041 _ageo
080 _a616.89-008.442 გ-19
100 _aგამყრელიძე, შოთა
_96606
245 _aსექსუალური გაუკუღმართებები და მათი მკურნალობის საკითხები /
_cშოთა გამყრელიძე ; რედაქტორი მანანა ბოკუჩავა.
264 _aთბილისი :
_bგ.გ,
_c2015.
300 _a288 გვ. ;
_c 20 სმ.
504 _aბიბლიოგრ. : გვ. 264-285
541 _h16ლ.79თ.
653 _aმედიცინა
653 _aსექსუალური გაუკუღმართება
653 _aსექსუალური პათოლოგიები
700 _a ბოკუჩავა, მანანა
_eრედაქტორი
_911891
942 _cBK
_2udc